Đang tải...

Chu Mamttar

Chi tiết về thư mục
Tác giả chính: Prathap Sahagal
Được phát hành: Kithabghar Prakashan
LEADER 00189 a2200097 4500
020
260 |b Kithabghar Prakashan 
942 |c BK  |6 _ 
245 |a Chu Mamttar 
100 |a Prathap Sahagal 
999 |c 63182  |d 63182